| 000 | 00941cam a22002415a 4500 | ||
|---|---|---|---|
| 001 | L157574 | ||
| 008 | 130124s2008 xxk f 000 0 eng d | ||
| 020 | _a9780860176794 | ||
| 035 | _a(Sirsi) u157574 | ||
| 041 | 0 | _aeng | |
| 050 | 0 | 4 | _a333.70285 |
| 100 | 1 | _aBooy, O | |
| 110 | 2 | _aCIRIA | |
| 245 | 0 | 0 | _aInvasive species management for infrastructure managers and the construction industry |
| 260 |
_aLondon _bCIRIA _c2008 |
||
| 520 | _aPart A of the guide describes the effect invasive species have, and the legislation and policy that regulate their management. There is a section on risk management and one on post-management surveillance, monitoring and maintenance to ensure any invasion or reinvasion is dealt with appropriately. | ||
| 590 | _aKA | ||
| 650 | 2 | 4 | _aINVASIVE SPECIES, MANAGEMENT, INFRASTRUCTURE, CONSTRUCTION INDUSTRY |
| 651 | 4 | _aENGLAND AND WALES | |
| 700 | 1 | _aWade, M | |
| 700 | 1 | _aWhite, V | |
| 942 | _n0 | ||
| 999 |
_c114845 _d114845 |
||